Sports Quiz

Random Sports or NCAA Quiz

NCAA Wrestling Ind. Champion Schools Quiz Stats

 Plays Quiz not verified by Sporcle

Score 0/100 Timer 03:00
0 Plays Today
Year/Weight School % Correct
2001/133Iowa
98.5%
2001/157Iowa
98.5%
2003/285Iowa
98.5%
2004/141Iowa
98.5%
2007/165Iowa
98.5%
2008/149Iowa
98.5%
2008/165Iowa
98.5%
2010/125Iowa
98.5%
2010/149Iowa
98.5%
2010/174Iowa
98.5%
2001/184Iowa State
93.3%
2002/141Iowa State
93.3%
2002/165Iowa State
93.3%
2002/197Iowa State
93.3%
2004/133Iowa State
93.3%
2006/141Iowa State
93.3%
2007/157Iowa State
93.3%
2009/197Iowa State
93.3%
2010/197Iowa State
93.3%
2010/285Iowa State
93.3%
2001/141Oklahoma
92.8%
2003/141Oklahoma
92.8%
2003/174Oklahoma
92.8%
2005/141Oklahoma
92.8%
2001/197Oklahoma State
90.3%
2002/133Oklahoma State
90.3%
2003/133Oklahoma State
90.3%
2003/184Oklahoma State
90.3%
2004/174Oklahoma State
90.3%
2005/149Oklahoma State
90.3%
2005/165Oklahoma State
90.3%
2005/174Oklahoma State
90.3%
2005/197Oklahoma State
90.3%
2005/285Oklahoma State
90.3%
Year/Weight School % Correct
2006/165Oklahoma State
90.3%
2006/197Oklahoma State
90.3%
2008/133Oklahoma State
90.3%
2006/133Penn
86.2%
2007/133Penn
86.2%
2003/157Michigan
85.1%
2005/157Michigan
85.1%
2009/174Michigan
85.1%
2002/149Minnesota
84.1%
2002/157Minnesota
84.1%
2003/197Minnesota
84.1%
2004/197Minnesota
84.1%
2006/149Minnesota
84.1%
2006/285Minnesota
84.1%
2007/285Minnesota
84.1%
2010/133Minnesota
84.1%
2008/197Penn State
81%
2005/125Indiana
80.5%
2006/125Indiana
80.5%
2008/125Indiana
80.5%
2002/285Ohio State
77.4%
2004/285Ohio State
77.4%
2008/141Ohio State
77.4%
2008/184Ohio State
77.4%
2009/141Ohio State
77.4%
2001/165Wisconsin
76.9%
2010/165Wisconsin
76.9%
2009/133Michigan State
76.4%
2003/125Cornell
73.8%
2004/125Nebraska
73.8%
2005/133Cornell
73.8%
2007/125Nebraska
73.8%
2008/157Cornell
73.8%
2009/125Cornell
73.8%
Year/Weight School % Correct
2009/157Nebraska
73.8%
2010/141Cornell
73.8%
2006/174Missouri
73.3%
2007/174Missouri
73.3%
2009/285Missouri
73.3%
2010/184Missouri
73.3%
2001/149Illinois
69.7%
2001/285Illinois
69.7%
2003/165Illinois
69.7%
2007/184Northwestern
63.6%
2008/285Northwestern
63.6%
2009/184Northwestern
63.6%
2003/149Arizona State
60.5%
2004/149Harvard
59.5%
2010/157Harvard
59.5%
2002/184Lehigh
49.2%
2004/165Lehigh
49.2%
2006/184Oregon
49.2%
2008/174Pittsburgh
42.1%
2009/149NC State
42.1%
2004/157Stanford
39%
2001/174Edinboro
38.5%
2007/149Edinboro
38.5%
2009/165Edinboro
38.5%
2002/174West Virginia
36.9%
2004/184West Virginia
36.9%
2005/184West Virginia
36.9%
2006/157Boise State
35.4%
2001/125Fresno State
27.7%
2002/125Fresno State
27.7%
2007/197American
26.7%
2007/141California Davis
11.3%

You're not logged in!

Compare scores with friends on all Sporcle quizzes.
OR
Log In

Show Comments

Extras

Top Quizzes Today


Score Distribution

Your Account Isn't Verified!

In order to create a playlist on Sporcle, you need to verify the email address you used during registration. Go to your Sporcle Settings to finish the process.

Report this User

Report this user for behavior that violates our Community Guidelines.

Details: